Tự học đàm thoại tiếng Anh, tập 2 (Kèm theo CD/ 760 )

שמור ב:
מידע ביבליוגרפי
פורמט: ספר
יצא לאור: 2008
תגים: הוספת תג
אין תגיות, היה/י הראשונ/ה לתייג את הרשומה!
Thư viện lưu trữ: Mạng thư viện Đại học Đà Nẵng
LEADER 00481nam a22001811a 4500
001 000038404
003 14699
005 20160412021307.0
008 160412s2008 000
082 |a 4A(07)2513 
245 |a Tự học đàm thoại tiếng Anh, tập 2 (Kèm theo CD/ 760 )  |c Christopher B.Allen 
260 |c 2008 
OWN |a LNN 
999 |a From the UDN01 
TYP |a Monograph 
980 |a Mạng thư viện Đại học Đà Nẵng